| 000 | 01148nam a2200217Ia 4500 | ||
|---|---|---|---|
| 003 | Ost | ||
| 005 | 20260507075134.0 | ||
| 008 | 260507s9999||||xx |||||||||||||| ||und|| | ||
| 020 | _a5652119957 | ||
| 040 | _cfsecg | ||
| 041 | _aara | ||
| 082 | _a330 | ||
| 100 |
_aبن ساسي، الياس _eمؤلف |
||
| 245 | 0 |
_aالتسيير المالي و الإدارة المالية : _bدروس وتطبيقات / _c الياس بن ساسي |
|
| 260 |
_aعمان: _bدار وائل للنشر والتوزيع, _c2006 |
||
| 300 |
_a477 صفحة؛ _bإيضاحات ؛ _c24 سم |
||
| 520 | _aمدخل لتسيير المالي- التسيير المالي والبيئة المالية- التشخيص المالي والإستراتيجي للمؤسسة- التحليل المالي الكلاسيكي- التحليل المالي والوظيفي- تحليل المالي المتحرك- السياسة المالية وآليات اتخاذ القرارات- نظرية الهيكل المالي- سوق الأوراق المالية. | ||
| 653 | _aالإدارة المالية | ||
| 653 | _aالتسيير المالي | ||
| 942 | _cكتاب | ||
| 999 |
_c43249 _d43249 |
||